000 00600nam a2200253Ia 4500
003 OSt
005 20221006141354.0
006 a|||||r|||| 00| 0
007 ta
008 221006b |||||||| |||| 00| 0 eng d
024 _a1,995
037 _cTextual
040 _aEASL
_cEASL
_beng
041 _2eng
_aeng
082 _aR841xC7919
100 _aLIAD
_9645501
245 0 _aComplete work of Ha Fei Tza
260 _c1962
300 _ap.
_ccm.
490 _v V.2
700 _a ANNOT
_9645502
942 _hR841xC7919
_cTEXL
_2CC
999 _c1070081
_d1070081